Statystyki dla Gminy graniczące z Gdynią

Kliknij tutaj aby rozwiązać quiz!

Ogólne statystyki

  • Ten quiz został rozwiązany 207 razy
  • Średni wynik to 4 z 7

Statystyki odpowiedzi

Liczba ludnościGmina% Poprawnych
470 000Gdańsk
96%
33 000Sopot
94%
48 000Rumia
78%
26 000Wejherowo
61%
15 000Kosakowo
54%
39 000Żukowo
41%
18 000Szemud
25%

Rozkład punktacji

Percentyl według liczby udzielonych odpowiedzi

Procent ludzi z każdym wynikiem

Twoja historia wyników

Nie rozwiązałeś tego quizu